Comunicación y sociedad /
Se describe la sociología de la comunicación, y el conocimiento que se ha elaborado sobre la misma. Se articula la perspectiva del rasgo social implícita de la comunicación, las cuestiones centrales de la comunicación de masas, un esbozo del pensamiento y teoría sobre la opinión pública y la comunic...
Sparad:
| Huvudupphovsman: | |
|---|---|
| Övriga upphovsmän: | |
| Materialtyp: | Text |
| Ämnen: | |
| Taggar: |
Lägg till en tagg
Inga taggar, Lägg till första taggen!
|
MARC
| LEADER | 00000 a a2200000 04500 | ||
|---|---|---|---|
| 001 | 40900 | ||
| 003 | |||
| 040 | |||
| 100 | |a Bretones, María Trinidad | ||
| 245 | |a Comunicación y sociedad / |c María Trinidad Bretones; Cándido Manzón | ||
| 520 | |a Se describe la sociología de la comunicación, y el conocimiento que se ha elaborado sobre la misma. Se articula la perspectiva del rasgo social implícita de la comunicación, las cuestiones centrales de la comunicación de masas, un esbozo del pensamiento y teoría sobre la opinión pública y la comunicación política, y las tendencias sociales de la era de la globalización. | ||
| 590 | |a EFU/MAYO2011 | ||
| 650 | |a SOCIOLOGIA | ||
| 650 | |a COMUNICACION DE MASAS | ||
| 650 | |a OPINION PUBLICA | ||
| 650 | |a TEORIA | ||
| 700 | |a Manzón, Cándido | ||
| 773 | |g páginas 363-397 | ||
| 999 | |c 39814 |d 39814 | ||
